世界の覇者4のセリフ - Statistics

General Stats
  • This quiz has been taken 10 times
  • The average score is 4 of 9
Answer Stats
答え % Correct
ロコソフスキー/チェルニャホフスキー
75%
南雲忠一
50%
ド・ゴール
50%
マッカーサー
38%
ウィリアムズ
38%
コールソン
38%
グデーリアン
25%
アルフレッド/オズボーン
25%
栗林忠道
13%
No matching quizzes found
Score Distribution
Percent of People with Each Score
Percentile by Number Answered
Your Score History
You have not taken this quiz